[Event "UT Dallas Fall FIDE op"]
[Site "Richardson USA"]
[Date "2014.11.21"]
[Round "1"]
[White "Hambleton, Aman"]
[Black "Gater, Daniel"]
[Result "1-0"]
[WhiteElo "2454"]
[BlackElo "2101"]
[PlyCount "97"]
[EventDate "2014.11.21"]
[EventType "swiss"]
[EventRounds "9"]
[EventCountry "USA"]
[Source "Mark Crowther"]
[SourceDate "2014.11.24"]

1. d4 Nf6 2. c4 g6 3. Nc3 Bg7 4. e4 d6 5. f3 O-O 6. Be3 Nc6 7. Nge2 a6 8. Qd2
Rb8 9. Rc1 Bd7 10. Nd1 b5 11. c5 e6 12. Nf2 b4 13. Ng3 a5 14. Be2 Ne7 15. Bg5
Bb5 16. Qf4 Ne8 17. Qh4 f6 18. Be3 Qd7 19. O-O Bxe2 20. Nxe2 f5 21. Rfd1 Nf6
22. Bh6 Nh5 23. Bg5 Rf7 24. cxd6 cxd6 25. Rd2 fxe4 26. fxe4 Nc6 27. Ng4 Kh8 28.
Nh6 Rff8 29. Be3 Na7 30. Rdc2 Nb5 31. Qg5 Bf6 32. Qg4 Qe7 33. Rc6 Bg7 34. h3
Rbe8 35. Rb6 Na7 36. a3 Nf6 37. Qh4 Rb8 38. Rxb8 Rxb8 39. axb4 Rxb4 40. Nf4
Bxh6 41. Qxh6 Kg8 42. Qg5 Qf7 43. Nd3 Rb5 44. Qf4 Qe7 45. Qh4 Rh5 46. Qf4 g5
47. Qf3 Qg7 48. e5 Nd5 49. Qxh5 1-0

[Event "UT Dallas Fall FIDE op"]
[Site "Richardson USA"]
[Date "2014.11.25"]
[Round "7"]
[White "Hambleton, Aman"]
[Black "Kosintseva, Nadezhda"]
[Result "1/2-1/2"]
[WhiteElo "2454"]
[BlackElo "2517"]
[PlyCount "180"]
[EventDate "2014.11.21"]
[EventType "swiss"]
[EventRounds "9"]
[EventCountry "USA"]
[Source "Mark Crowther"]
[SourceDate "2014.12.01"]

1. d4 e6 2. c4 Bb4+ 3. Bd2 Bxd2+ 4. Qxd2 Nf6 5. Nc3 d5 6. Nf3 O-O 7. Rc1 Nc6 8.
g3 dxc4 9. Bg2 Rb8 10. O-O b5 11. Rfd1 a6 12. e4 b4 13. Na4 Nxe4 14. Qe2 Nd6
15. Ne5 Na5 16. Nc5 Rb6 17. h4 f6 18. Nf3 Re8 19. Bh3 Nb5 20. a4 bxa3 21. bxa3
Rd6 22. a4 Nxd4 23. Nxd4 Rxd4 24. Bxe6+ Bxe6 25. Nxe6 Rxd1+ 26. Rxd1 Qe7 27.
Re1 Qf7 28. f4 Qd7 29. f5 Nb7 30. Qxc4 Nd6 31. Qd5 Kh8 32. Rc1 Rc8 33. Rc6 h6
34. Rxa6 c6 35. Qd4 Qb7 36. Rb6 Qe7 37. Qc5 Qd7 38. Qd4 Qe7 39. Qc5 Qd7 40. a5
Nb7 41. Qc3 Qd1+ 42. Kh2 Qe2+ 43. Kh3 Nd6 44. Rxc6 Qf1+ 45. Kh2 Qf2+ 46. Kh1
Rb8 47. Rb6 Qf1+ 48. Kh2 Qf2+ 49. Kh1 Rxb6 50. axb6 Qxf5 51. Qe3 Nc4 52. b7
Qb1+ 53. Qg1 Qxb7+ 54. Qg2 Qc8 55. Qd5 Ne5 56. Qd8+ Qxd8 57. Nxd8 Kh7 58. h5
Kg8 59. Kg2 Kf8 60. Ne6+ Kf7 61. Nd4 Nd7 62. Nf5 Nc5 63. Kf3 Ne6 64. Ke4 Nc5+
65. Kf3 Na4 66. Ke4 Nc3+ 67. Kf3 Nd5 68. Ke4 Ne7 69. Nd4 g6 70. hxg6+ Kxg6 71.
Ne6 Nc6 72. Kf4 Nb4 73. Nd4 Nd3+ 74. Ke3 Nc5 75. Kf4 h5 76. Nc2 Ne6+ 77. Ke4
Kg5 78. Ne3 Ng7 79. Kf3 Nf5 80. Nd5 Nd4+ 81. Ke4 Nc6 82. Kf3 f5 83. Ke3 Ne5 84.
Kf2 Nd7 85. Kf3 Nc5 86. Ke3 Kg4 87. Nf6+ Kg5 88. Nd5 Nd7 89. Kf3 Ne5+ 90. Ke3
Nd7 1/2-1/2

[Event "UT Dallas Fall FIDE op"]
[Site "Richardson USA"]
[Date "2014.11.26"]
[Round "9"]
[White "Hambleton, Aman"]
[Black "Danelia, Mariam"]
[Result "1-0"]
[WhiteElo "2454"]
[BlackElo "2228"]
[PlyCount "69"]
[EventDate "2014.11.21"]
[EventType "swiss"]
[EventRounds "9"]
[EventCountry "USA"]
[Source "Mark Crowther"]
[SourceDate "2014.12.01"]

1. d4 Nf6 2. c4 g6 3. Nc3 d5 4. cxd5 Nxd5 5. Bd2 Bg7 6. e4 Nb6 7. Be3 O-O 8. h3
Nc6 9. Nf3 Na5 10. Qc1 Nac4 11. Bh6 c6 12. Bxc4 Nxc4 13. O-O Qa5 14. Bxg7 Kxg7
15. b3 Nb6 16. Re1 Rd8 17. Qe3 Qh5 18. Qf4 Be6 19. Rad1 Rac8 20. Re3 Rd6 21.
Kh2 Rcd8 22. Red3 Bc8 23. Ne2 Qa5 24. R1d2 h6 25. d5 cxd5 26. e5 g5 27. Qg3 Rg6
28. Nfd4 Bd7 29. f4 gxf4 30. Qh4 Qc5 31. Nxf4 Rg5 32. e6 Bc8 33. Rg3 Rg8 34.
Nf5+ Kf8 35. Qxh6+ 1-0

[Event "Montreal op"]
[Site "Montreal CAN"]
[Date "2014.09.05"]
[Round "1"]
[White "Zhu, Hong Rui"]
[Black "Hambleton, Aman"]
[Result "0-1"]
[WhiteElo "2203"]
[BlackElo "2616"]
[PlyCount "74"]
[EventDate "2014.09.05"]
[EventType "swiss"]
[EventRounds "5"]
[EventCountry "CAN"]

1. e4 c5 2. Ne2 e6 3. g3 d5 4. Bg2 dxe4 5. Nbc3 f5 6. d3 Nf6 7. dxe4 Qxd1+ 8.
Kxd1 Nc6 9. h3 Bd7 10. Be3 O-O-O 11. Kc1 e5 12. exf5 Bxf5 13. Bxc6 bxc6 14. Na4
Nd5 15. Bg5 Rd7 16. a3 h6 17. Bd2 Be7 18. Nec3 Rf8 19. b3 Bg6 20. Nd1 Rf3 21.
Re1 e4 22. c4 Nb6 23. Nac3 Bf6 24. Be3 Rxd1+ 25. Rxd1 Bxc3 26. Ra2 Nd7 27. Rd6
Rf6 28. Rxf6 Bxf6 29. Kc2 Bd4 30. Kd2 Ne5 31. Ke2 h5 32. Kf1 Bf5 33. Kg2 a5 34.
a4 Nf3 35. Re2 Bxh3+ 36. Kh1 Bf1 37. Rc2 Bg2+ 0-1

[Event "Montreal op"]
[Site "Montreal CAN"]
[Date "2014.09.06"]
[Round "2"]
[White "Hambleton, Aman"]
[Black "Laptos, Kris"]
[Result "1-0"]
[WhiteElo "2616"]
[BlackElo "2278"]
[PlyCount "49"]
[EventDate "2014.09.05"]
[EventType "swiss"]
[EventRounds "5"]
[EventCountry "CAN"]

1. d4 e6 2. c4 f5 3. g3 Nf6 4. Bg2 c6 5. Nf3 d5 6. O-O Bd6 7. Bf4 Bxf4 8. gxf4
O-O 9. e3 Nbd7 10. Nbd2 b6 11. cxd5 cxd5 12. Qa4 Bb7 13. Rfc1 Ne4 14. Rc2 Nxd2
15. Nxd2 Nf6 16. Nf3 a6 17. Rac1 b5 18. Qb4 Rc8 19. Rxc8 Bxc8 20. Ne5 Ng4 21.
Nd3 Qh4 22. h3 Nf6 23. Qe7 Bd7 24. Ne5 Re8 25. Qf7+ 1-0

[Event "Montreal op"]
[Site "Montreal CAN"]
[Date "2014.09.06"]
[Round "3"]
[White "Masse, Hugues"]
[Black "Hambleton, Aman"]
[Result "1/2-1/2"]
[WhiteElo "2305"]
[BlackElo "2616"]
[PlyCount "26"]
[EventDate "2014.09.05"]
[EventType "swiss"]
[EventRounds "5"]
[EventCountry "CAN"]

1. d4 Nf6 2. c4 e6 3. g3 d5 4. Nf3 Bb4+ 5. Bd2 Be7 6. Bg2 O-O 7. O-O c6 8. Qc2
b6 9. Rd1 Bb7 10. Bf4 Nh5 11. Bc1 Nf6 12. Bf4 Nh5 13. Bc1 Nf6 1/2-1/2

[Event "Montreal op"]
[Site "Montreal CAN"]
[Date "2014.09.07"]
[Round "4"]
[White "Hambleton, Aman"]
[Black "Sambuev, Bator"]
[Result "1-0"]
[WhiteElo "2616"]
[BlackElo "2571"]
[PlyCount "95"]
[EventDate "2014.09.05"]
[EventType "swiss"]
[EventRounds "5"]
[EventCountry "CAN"]

1. d4 d5 2. c4 e6 3. Nc3 c5 4. cxd5 cxd4 5. Qa4+ Bd7 6. Qxd4 exd5 7. Qxd5 Nc6
8. Nf3 Nf6 9. Qd1 Bc5 10. e3 Qe7 11. Be2 O-O-O 12. O-O g5 13. b4 Bxb4 14. Bb2
g4 15. Nd4 Kb8 16. Ncb5 Nxd4 17. Nxd4 h5 18. Qb3 Ne4 19. Rfd1 Bd6 20. Nb5 Bxb5
21. Qxb5 Bxh2+ 22. Kxh2 Qh4+ 23. Kg1 Qxf2+ 24. Kh2 Qg3+ 25. Kh1 f6 26. Bd4 Qh4+
27. Kg1 Qf2+ 28. Kh2 Rxd4 29. Rxd4 g3+ 30. Kh1 Qxe3 31. Rxe4 Qxe4 32. Qc4 Qxc4
33. Bxc4 Rc8 34. Bb3 b5 35. Kg1 a5 36. Kf1 Rc5 37. Ke2 Rf5 38. Rf1 Rxf1 39.
Kxf1 Kc7 40. Ke2 a4 41. Bf7 h4 42. Kf3 f5 43. Be8 Kb6 44. Bd7 Kc5 45. Bxf5 b4
46. Bc2 h3 47. gxh3 b3 48. Bxb3 1-0

[Event "e2e4 Sunningdale May op"]
[Site "Ascot ENG"]
[Date "2014.05.23"]
[Round "1"]
[White "Molofej, Denis"]
[Black "Hambleton, Aman"]
[Result "0-1"]
[WhiteElo "2062"]
[BlackElo "2453"]
[PlyCount "56"]
[EventDate "2014.05.23"]
[EventType "swiss"]
[EventRounds "7"]
[EventCountry "ENG"]
[Source "Mark Crowther"]
[SourceDate "2014.05.26"]

1. e4 c5 2. c3 Nf6 3. e5 Nd5 4. d4 cxd4 5. cxd4 e6 6. Nc3 Nxc3 7. bxc3 d6 8.
Nf3 Qc7 9. Bd2 Nd7 10. exd6 Bxd6 11. Bd3 b6 12. O-O Bb7 13. Re1 O-O 14. Ne5
Bxe5 15. dxe5 Nc5 16. Bc2 Rfd8 17. Re3 Qd7 18. Bxh7+ Kf8 19. Qh5 Qxd2 20. Rf1
Rac8 21. Bb1 Ke8 22. Qh8+ Kd7 23. Qxg7 Kc7 24. Qxf7+ Rd7 25. Qg6 Rf8 26. Qc2
Rxf2 27. Qxd2 Rxf1+ 28. Kxf1 Rxd2 0-1

[Event "e2e4 Sunningdale May op"]
[Site "Ascot ENG"]
[Date "2014.05.24"]
[Round "2"]
[White "Hambleton, Aman"]
[Black "Constantinou, Peter"]
[Result "1-0"]
[WhiteElo "2453"]
[BlackElo "2298"]
[PlyCount "155"]
[EventDate "2014.05.23"]
[EventType "swiss"]
[EventRounds "7"]
[EventCountry "ENG"]
[Source "Mark Crowther"]
[SourceDate "2014.05.26"]

1. d4 d5 2. c4 c6 3. e3 Nf6 4. Bd3 e5 5. dxe5 dxc4 6. Be2 Qxd1+ 7. Bxd1 Ng4 8.
f4 Bc5 9. Ke2 Bf5 10. h3 Bd3+ 11. Kf3 h5 12. Ne2 Nh6 13. Nbc3 f6 14. exf6 gxf6
15. g4 Nd7 16. Ng3 hxg4+ 17. hxg4 O-O-O 18. Nce4 Be7 19. Bd2 f5 20. gxf5 Nxf5
21. Rxh8 Bxe4+ 22. Nxe4 Rxh8 23. Be2 b5 24. Bf1 Rh2 25. Rd1 Nc5 26. Nf2 Kb7 27.
Bc3 Na4 28. Be5 Bc5 29. Ng4 Rc2 30. Rd7+ Ka6 31. b3 Nc3 32. bxc4 Nh4+ 33. Kg3
Nf5+ 34. Kf3 Nh4+ 35. Kg3 Nf5+ 36. Kh3 Nxe3 37. cxb5+ cxb5 38. Nxe3 Bxe3 39.
Rd3 Bxf4 40. Bxf4 Nxa2 41. Ra3+ Kb6 42. Be3+ Kc6 43. Bg2+ Kd6 44. Bf4+ Kc5 45.
Rxa7 Nc3 46. Rc7+ Kb4 47. Bf3 Kb3 48. Rc5 b4 49. Be5 Rd2 50. Kg4 Rd3 51. Rc6
Kb2 52. Rc4 Kb3 53. Rc8 Kb2 54. Kf4 Ka2 55. Bg4 Kb2 56. Rb8 Ka3 57. Be6 Rd1 58.
Ra8+ Kb2 59. Ra4 Rf1+ 60. Kg4 Rg1+ 61. Kf5 Rf1+ 62. Kg6 Rg1+ 63. Kf7 Rf1+ 64.
Ke7 Re1 65. Rxb4+ Kc2 66. Bf5+ Kd2 67. Kd6 Ne2 68. Rb3 Rf1 69. Be4 Ke1 70. Rb2
Rg1 71. Bf3 Rg6+ 72. Kd5 Ng1 73. Be4 Rg8 74. Bc3+ Kd1 75. Bd3 Rd8+ 76. Ke4 Re8+
77. Kf5 Ne2 78. Rd2+ 1-0

[Event "e2e4 Sunningdale May op"]
[Site "Ascot ENG"]
[Date "2014.05.24"]
[Round "3"]
[White "Jackson, J."]
[Black "Hambleton, Aman"]
[Result "0-1"]
[WhiteElo "2283"]
[BlackElo "2453"]
[PlyCount "66"]
[EventDate "2014.05.23"]
[EventType "swiss"]
[EventRounds "7"]
[EventCountry "ENG"]
[Source "Mark Crowther"]
[SourceDate "2014.05.26"]

1. e4 e6 2. d4 d5 3. Nc3 Bb4 4. e5 Ne7 5. a3 Bxc3+ 6. bxc3 b6 7. Nf3 Ba6 8.
Bxa6 Nxa6 9. a4 Nb8 10. h4 h5 11. Ng5 Nf5 12. g3 c5 13. Ba3 Qc7 14. Qd3 Nc6 15.
dxc5 Nxe5 16. Qe2 Nc4 17. cxb6 Qxb6 18. Kf1 e5 19. Kg2 f6 20. Qd3 g6 21. Rhe1
Qc6 22. Nh3 Kf7 23. Reb1 Rab8 24. Bc1 Rxb1 25. Rxb1 Rd8 26. Rb4 Rd7 27. f3 a5
28. Rb5 e4 29. Qe2 exf3+ 30. Kxf3 Re7 31. Qd1 d4+ 32. Kf2 Nce3 33. Qf3 Ng4+ 0-1

[Event "e2e4 Sunningdale May op"]
[Site "Ascot ENG"]
[Date "2014.05.25"]
[Round "5"]
[White "Arkell, Keith"]
[Black "Hambleton, Aman"]
[Result "1/2-1/2"]
[WhiteElo "2460"]
[BlackElo "2453"]
[PlyCount "119"]
[EventDate "2014.05.23"]
[EventType "swiss"]
[EventRounds "7"]
[EventCountry "ENG"]
[Source "Mark Crowther"]
[SourceDate "2014.05.26"]

1. d4 e6 2. c4 Nf6 3. Nf3 b6 4. g3 Ba6 5. b3 Bb7 6. Bg2 Bb4+ 7. Bd2 c5 8. Bxb4
cxb4 9. a3 Na6 10. O-O O-O 11. axb4 Nxb4 12. Nc3 d5 13. Ne5 Qe7 14. Qd2 Rfd8
15. Na2 Nxa2 16. Rxa2 dxc4 17. bxc4 Bxg2 18. Kxg2 Ne4 19. Qc2 Qb7 20. f3 Nd6
21. e4 f6 22. Nd3 Rac8 23. Ra4 Nb5 24. Qa2 Nxd4 25. Rxa7 Qc6 26. Nf4 Rc7 27.
Rxc7 Qxc7 28. Rd1 g5 29. Nd5 exd5 30. Rxd4 dxe4 31. Rxe4 Kg7 32. h4 Qd6 33.
hxg5 Qd2+ 34. Qxd2 Rxd2+ 35. Kh3 fxg5 36. Re7+ Kg6 37. Re6+ Kf5 38. Rxb6 h5 39.
g4+ hxg4+ 40. fxg4+ Ke4 41. Re6+ Kf4 42. Rf6+ Ke4 43. Rf5 Rd3+ 44. Kg2 Rc3 45.
c5 Rc2+ 46. Kg3 Rc3+ 47. Kf2 Rc2+ 48. Ke1 Rg2 49. Rxg5 Kf4 50. Rg6 Ke3 51. Kf1
Rf2+ 52. Kg1 Rc2 53. c6 Kf3 54. g5 Kg4 55. Kf1 Kf5 56. Rd6 Kxg5 57. Ke1 Kf5 58.
Kd1 Ke5 59. Kxc2 Kxd6 60. c7 1/2-1/2

[Event "e2e4 Sunningdale May op"]
[Site "Ascot ENG"]
[Date "2014.05.26"]
[Round "6"]
[White "Hambleton, Aman"]
[Black "Fernandez, Daniel"]
[Result "1-0"]
[WhiteElo "2453"]
[BlackElo "2367"]
[PlyCount "55"]
[EventDate "2014.05.23"]
[EventType "swiss"]
[EventRounds "7"]
[EventCountry "ENG"]
[Source "Mark Crowther"]
[SourceDate "2014.05.26"]

1. d4 Nf6 2. c4 g6 3. Nc3 d5 4. cxd5 Nxd5 5. Bd2 Bg7 6. e4 Nxc3 7. Bxc3 O-O 8.
Qd2 b6 9. Bc4 Nd7 10. Ne2 c5 11. d5 Ne5 12. Bb3 Ba6 13. O-O Qc7 14. f4 Bh6 15.
Rad1 Nd3 16. Bc2 c4 17. Bxd3 cxd3 18. Nd4 Bb7 19. Qxd3 Bxf4 20. Nb5 Qb8 21. Qd4
f6 22. d6 e5 23. Qc4+ Kg7 24. Nc7 b5 25. Qc5 Bxe4 26. d7 Kh6 27. Nxa8 Bxa8 28.
Rxf4 1-0

[Event "Bundesliga2-West 2013-14"]
[Site "GER"]
[Date "2014.01.19"]
[Round "5.3"]
[White "Schuh, Dirk"]
[Black "Hambleton, Aman"]
[Result "1/2-1/2"]
[WhiteElo "2377"]
[BlackElo "2495"]
[PlyCount "53"]
[EventDate "2013.10.13"]
[EventType "team"]
[EventRounds "9"]
[EventCountry "GER"]
[Source "ChessBase"]
[SourceDate "2014.11.20"]
[WhiteTeam "Duesseldorf"]
[BlackTeam "Bochum SV 02"]
[WhiteTeamCountry "GER"]
[BlackTeamCountry "GER"]

1. e4 e6 2. d4 d5 3. Nd2 h6 4. Bd3 c5 5. c3 Nc6 6. Ngf3 Nf6 7. O-O cxd4 8. cxd4
dxe4 9. Nxe4 Be7 10. a3 O-O 11. Nc3 b6 12. Re1 Bb7 13. Bc2 Qd7 14. Qd3 Rfd8 15.
Be3 Rac8 16. Rad1 Bd6 17. Bc1 Ne7 18. Ne5 Bxe5 19. dxe5 Qxd3 20. Bxd3 Nd7 21.
f4 Nc5 22. Bc2 Ba6 23. Rxd8+ Rxd8 24. b4 Nd3 25. Rd1 Bc4 26. Be3 Nd5 27. Nxd5
1/2-1/2

[Event "Bundesliga2-West 2013-14"]
[Site "GER"]
[Date "2014.02.10"]
[Round "6.3"]
[White "Hambleton, Aman"]
[Black "Khenkin, Igor"]
[Result "1/2-1/2"]
[WhiteElo "2495"]
[BlackElo "2609"]
[PlyCount "54"]
[EventDate "2013.10.13"]
[EventType "team"]
[EventRounds "9"]
[EventCountry "GER"]
[Source "ChessBase"]
[SourceDate "2014.11.20"]
[WhiteTeam "Bochum SV 02"]
[BlackTeam "Wiesbaden"]
[WhiteTeamCountry "GER"]
[BlackTeamCountry "GER"]

1. d4 Nf6 2. c4 e6 3. Nc3 Bb4 4. Qc2 d6 5. a3 Bxc3+ 6. Qxc3 O-O 7. f3 d5 8. Bg5
c5 9. dxc5 d4 10. Qd2 e5 11. e3 Nc6 12. Bd3 h6 13. Bxf6 Qxf6 14. Ne2 Rd8 15.
O-O-O Qe7 16. exd4 Nxd4 17. Nxd4 Rxd4 18. Rhe1 Bf5 19. Qe3 Rxd3 20. Rxd3 Bxd3
21. Qxd3 Qxc5 22. Kb1 Rc8 23. Qe4 Qxc4 24. Qxc4 Rxc4 25. Rxe5 Kf8 26. Re2 Rc7
27. Rc2 Rd7 1/2-1/2

[Event "Bundesliga2-West 2013-14"]
[Site "GER"]
[Date "2014.04.06"]
[Round "9.3"]
[White "Sonntag, Hans Hubert"]
[Black "Hambleton, Aman"]
[Result "1/2-1/2"]
[WhiteElo "2377"]
[BlackElo "2495"]
[PlyCount "73"]
[EventDate "2013.10.13"]
[EventType "team"]
[EventRounds "9"]
[EventCountry "GER"]
[Source "ChessBase"]
[SourceDate "2014.11.20"]
[WhiteTeam "Aachen SV"]
[BlackTeam "Bochum SV 02"]
[WhiteTeamCountry "GER"]
[BlackTeamCountry "GER"]

1. d4 e6 2. Nf3 Nf6 3. e3 c5 4. Bd3 b6 5. O-O Bb7 6. c4 Be7 7. Nc3 a6 8. b3 d6
9. Bb2 Nbd7 10. d5 exd5 11. cxd5 b5 12. e4 O-O 13. Re1 Re8 14. a4 b4 15. Nb1
Ng4 16. Nbd2 Bf6 17. Bxf6 Qxf6 18. a5 Re7 19. Nc4 Rae8 20. Qd2 Nde5 21. Nfxe5
Nxe5 22. f3 g6 23. Nxe5 Rxe5 24. Bc4 Qe7 25. Re2 f5 26. Rae1 fxe4 27. Rxe4 Qf6
28. Qd3 Kg7 29. f4 Rxe4 30. Rxe4 Qa1+ 31. Kf2 Rxe4 32. Qxe4 Qb2+ 33. Qe2 Qf6
34. Kg3 Qc3+ 35. Kf2 Qf6 36. Kg3 Qc3+ 37. Kf2 1/2-1/2

[Event "Oslo int. op"]
[Site "Oslo NOR"]
[Date "2013.09.29"]
[Round "1"]
[White "Royset, Paal"]
[Black "Hambleton, Aman"]
[Result "0-1"]
[WhiteElo "2179"]
[BlackElo "2509"]
[PlyCount "58"]
[EventDate "2013.09.29"]
[EventType "swiss"]
[EventRounds "9"]
[EventCountry "NOR"]
[Source "Mark Crowther"]
[SourceDate "2013.09.30"]

1. e4 e6 2. d4 d5 3. Nc3 Bb4 4. e5 b6 5. Qg4 Bf8 6. Bb5+ c6 7. Ba4 a5 8. a3 Ba6
9. Nce2 Ne7 10. Ng3 Bb5 11. Bb3 a4 12. Ba2 c5 13. c3 Nbc6 14. N1e2 cxd4 15.
cxd4 h5 16. Qf4 Ng6 17. Qd2 h4 18. Nf1 h3 19. g3 Ngxe5 20. dxe5 Nxe5 21. Ng1
Nd3+ 22. Kd1 Nxc1 23. Rxc1 Bxf1 24. Ne2 Bg2 25. Re1 Bc5 26. Nc3 O-O 27. Kc2 Qf6
28. f4 Qg6+ 29. Kd1 d4 0-1

[Event "Oslo int. op"]
[Site "Oslo NOR"]
[Date "2013.09.29"]
[Round "3"]
[White "Svane, Rasmus"]
[Black "Hambleton, Aman"]
[Result "1-0"]
[WhiteElo "2445"]
[BlackElo "2509"]
[PlyCount "89"]
[EventDate "2013.09.29"]
[EventType "swiss"]
[EventRounds "9"]
[EventCountry "NOR"]
[Source "Mark Crowther"]
[SourceDate "2013.10.07"]

1. d4 e6 2. c4 Nf6 3. Nc3 Bb4 4. Qc2 c5 5. dxc5 Qc7 6. Nf3 Bxc5 7. Bg5 a6 8. e3
Be7 9. Be2 d6 10. O-O Nbd7 11. Rfd1 O-O 12. Rd2 b6 13. Rad1 Bb7 14. Bf4 e5 15.
Bg5 h6 16. Bxf6 Nxf6 17. Nh4 Rfd8 18. Nf5 Bf8 19. e4 b5 20. Ne3 b4 21. Ncd5
Nxd5 22. cxd5 Qb6 23. Qa4 a5 24. Bb5 Rdc8 25. Nc4 Qd8 26. a3 bxa3 27. bxa3 Rc5
28. Qb3 Qc7 29. Rc2 g6 30. a4 Rc8 31. Rdc1 h5 32. Ne3 Qb6 33. Rxc5 Rxc5 34. Rc4
Bh6 35. Qc3 Rxc4 36. Nxc4 Qc5 37. Qxa5 Bc8 38. Qe1 f5 39. Qa5 fxe4 40. Qd8+ Kh7
41. Qxd6 Qd4 42. Qc7+ Bg7 43. Ne3 Qa1+ 44. Bf1 Bf5 45. d6 1-0

[Event "Oslo int. op"]
[Site "Oslo NOR"]
[Date "2013.09.29"]
[Round "4"]
[White "Hambleton, Aman"]
[Black "Persson, Mat2"]
[Result "1-0"]
[WhiteElo "2509"]
[BlackElo "2238"]
[PlyCount "71"]
[EventDate "2013.09.29"]
[EventType "swiss"]
[EventRounds "9"]
[EventCountry "NOR"]
[Source "Mark Crowther"]
[SourceDate "2013.10.07"]

1. d4 Nf6 2. c4 e6 3. Nc3 Bb4 4. Qc2 d5 5. a3 Bxc3+ 6. Qxc3 Ne4 7. Qc2 c5 8.
dxc5 Nc6 9. e3 Qa5+ 10. Bd2 Qxc5 11. b4 Qe7 12. Bc1 O-O 13. Bb2 Nf6 14. Nf3 Rd8
15. c5 a6 16. Qc3 Ne8 17. Bd3 f6 18. Qc2 g6 19. O-O e5 20. e4 Nc7 21. Nd2 Be6
22. f4 d4 23. Nc4 Rf8 24. Bc1 Kg7 25. Nd6 Ne8 26. f5 Bf7 27. Nxf7 Qxf7 28. Bd2
g5 29. a4 Nc7 30. b5 axb5 31. axb5 Ne7 32. b6 Rxa1 33. Rxa1 Ra8 34. Rxa8 Nxa8
35. Qa4 Qf8 36. Qd7 1-0

[Event "Oslo int. op"]
[Site "Oslo NOR"]
[Date "2013.09.29"]
[Round "5"]
[White "Schoellmann, Jochen"]
[Black "Hambleton, Aman"]
[Result "1/2-1/2"]
[WhiteElo "2268"]
[BlackElo "2509"]
[PlyCount "69"]
[EventDate "2013.09.29"]
[EventType "swiss"]
[EventRounds "9"]
[EventCountry "NOR"]
[Source "Mark Crowther"]
[SourceDate "2013.10.07"]

1. d4 e6 2. c4 Nf6 3. Nc3 Bb4 4. e3 O-O 5. Nge2 d5 6. a3 Bd6 7. Ng3 c5 8. dxc5
Bxc5 9. cxd5 exd5 10. Bd3 Nc6 11. O-O Be6 12. Nce2 Bb6 13. b4 Ng4 14. Bb2 Qh4
15. h3 Nge5 16. b5 Nxd3 17. Qxd3 Na5 18. Nf5 Qc4 19. Rad1 Qxd3 20. Ne7+ Kh8 21.
Rxd3 Nc4 22. Ba1 Nxa3 23. Nxd5 Rad8 24. Nef4 Bxd5 25. Rxd5 Rxd5 26. Nxd5 Bc5
27. b6 axb6 28. Bd4 Rd8 29. Nxb6 Bxd4 30. exd4 g6 31. Rc1 Nb5 32. Rc5 Nxd4 33.
Rc7 Kg7 34. Rxb7 Nf5 35. Nd7 1/2-1/2

[Event "Oslo int. op"]
[Site "Oslo NOR"]
[Date "2013.09.29"]
[Round "6"]
[White "Hambleton, Aman"]
[Black "Vaarala, Eric"]
[Result "1/2-1/2"]
[WhiteElo "2509"]
[BlackElo "2289"]
[PlyCount "96"]
[EventDate "2013.09.29"]
[EventType "swiss"]
[EventRounds "9"]
[EventCountry "NOR"]
[Source "Mark Crowther"]
[SourceDate "2013.10.07"]

1. d4 Nf6 2. c4 e6 3. Nc3 Bb4 4. Qc2 d5 5. a3 Be7 6. Bg5 Nbd7 7. cxd5 exd5 8.
e3 c6 9. Bd3 h6 10. Bh4 O-O 11. f3 Re8 12. Bf2 c5 13. Nge2 cxd4 14. exd4 Bd6
15. Nb5 Bb8 16. Rc1 Bf4 17. Nc7 Bxc1 18. Qxc1 Nb6 19. Nxa8 Nxa8 20. O-O Nc7 21.
Ng3 Bd7 22. Bb1 Nb5 23. Nf5 Bxf5 24. Bxf5 Qb6 25. Qc5 Nd6 26. Qxb6 axb6 27. Bd3
Nc4 28. b3 Nd2 29. Rd1 Nxb3 30. Rb1 Na5 31. Rxb6 Re7 32. Bh4 Nc4 33. Bxf6 gxf6
34. Rxf6 Re3 35. Bxc4 dxc4 36. Kf2 Rxa3 37. Rb6 Rb3 38. Rxh6 b5 39. Rb6 b4 40.
d5 c3 41. d6 c2 42. Rc6 Rc3 43. d7 Rxc6 44. d8=Q+ Kg7 45. Qg5+ Kf8 46. Qd8+ Kg7
47. Qg5+ Kf8 48. Qd8+ Kg7 1/2-1/2

[Event "Oslo int. op"]
[Site "Oslo NOR"]
[Date "2013.09.29"]
[Round "7"]
[White "Hambleton, Aman"]
[Black "Getz, Nicolai"]
[Result "0-1"]
[WhiteElo "2509"]
[BlackElo "2358"]
[PlyCount "78"]
[EventDate "2013.09.29"]
[EventType "swiss"]
[EventRounds "9"]
[EventCountry "NOR"]
[Source "Mark Crowther"]
[SourceDate "2013.10.07"]

1. e4 e5 2. Nf3 Nc6 3. Bb5 a6 4. Ba4 Nf6 5. d3 b5 6. Bb3 Be7 7. Nc3 d6 8. a4 b4
9. Nd5 Na5 10. Nxe7 Qxe7 11. Ba2 Be6 12. Bxe6 Qxe6 13. O-O O-O 14. Ng5 Qe7 15.
f4 h6 16. Nf3 Nc6 17. fxe5 dxe5 18. Nh4 Rad8 19. Nf5 Qe6 20. Qf3 Ne8 21. Be3
Nd6 22. Qg3 Nxf5 23. Rxf5 b3 24. Qf2 bxc2 25. Bc5 Rxd3 26. Qxc2 Rfd8 27. Rf2
R3d7 28. Re1 Nd4 29. Qc3 Nb3 30. Ba3 c5 31. h3 Rd3 32. Qc2 c4 33. Qe2 Qb6 34.
Qh5 Qe6 35. Kh2 Rd2 36. Rxd2 Rxd2 37. Re3 Nd4 38. Rg3 Ne2 39. Rg4 Qb6 0-1

[Event "Oslo int. op"]
[Site "Oslo NOR"]
[Date "2013.09.29"]
[Round "8"]
[White "Hauge, Lars Oskar"]
[Black "Hambleton, Aman"]
[Result "0-1"]
[WhiteElo "2282"]
[BlackElo "2509"]
[PlyCount "134"]
[EventDate "2013.09.29"]
[EventType "swiss"]
[EventRounds "9"]
[EventCountry "NOR"]
[Source "Mark Crowther"]
[SourceDate "2013.10.07"]

1. c4 c5 2. g3 e6 3. Bg2 d5 4. Nf3 d4 5. O-O Ne7 6. e3 Nec6 7. d3 Be7 8. exd4
cxd4 9. Na3 O-O 10. Nc2 a5 11. Qe2 Re8 12. Ne5 f6 13. Nxc6 Nxc6 14. a3 Bc5 15.
Bd2 a4 16. Kh1 Qd6 17. Rab1 Na5 18. Bb4 Bd7 19. Qe4 Bc6 20. Bxc5 Qxc5 21. Qxd4
Qxd4 22. Nxd4 Bxg2+ 23. Kxg2 Rad8 24. Nb5 Rxd3 25. Rfd1 Rxd1 26. Rxd1 Nxc4 27.
Rd7 Rb8 28. Nc7 Nxb2 29. Nxe6 Nc4 30. Nxg7 b5 31. Nh5 Rb6 32. Rd3 Ra6 33. Nf4
Nxa3 34. Rxa3 b4 35. Ra1 b3 36. Nd3 a3 37. Kf3 a2 38. Nb2 Rc6 39. Ke3 Rc2 40.
Na4 Rc4 41. Nb2 Rc3+ 42. Kd4 Rc2 43. Na4 b2 44. Nxb2 Rxb2 45. Ke3 Kf7 46. h4 f5
47. f3 Kf6 48. Kf4 h6 49. g4 Rb4+ 50. Kg3 f4+ 51. Kh3 Ra4 52. h5 Ra8 53. Kh4
Ra3 54. g5+ hxg5+ 55. Kg4 Ra5 56. Kh3 Kg7 57. Kg4 Kh6 58. Kh3 Kg7 59. Kg4 Kf6
60. Kh3 Kf5 61. Kg2 Ra3 62. Kf2 Kf6 63. Kg2 Kg7 64. Kf2 Kh6 65. Kg2 Kxh5 66.
Kf2 Kg6 67. Kg2 Kf5 0-1

[Event "Geneva op A"]
[Site "Geneva SUI"]
[Date "2013.06.24"]
[Round "1.5"]
[White "Hambleton, Aman"]
[Black "Nickel, A."]
[Result "1-0"]
[WhiteElo "2461"]
[BlackElo "2082"]
[PlyCount "75"]
[EventDate "2013.06.24"]
[EventType "swiss"]
[EventRounds "9"]
[EventCountry "SUI"]
[Source "Mark Crowther"]
[SourceDate "2013.07.01"]

1. d4 d5 2. c4 c6 3. Nf3 Nf6 4. e3 e6 5. Bd3 Nbd7 6. b3 Bb4+ 7. Nbd2 Bd6 8. Bb2
O-O 9. O-O c5 10. cxd5 Nxd5 11. Ne4 Qe7 12. Nxd6 Qxd6 13. dxc5 Qxc5 14. Rc1 Qe7
15. Bb1 Rd8 16. Qd4 f6 17. Rfd1 b6 18. Qh4 Nf8 19. Rd4 e5 20. Rd2 Be6 21. Rcd1
Ng6 22. Bxg6 hxg6 23. Nxe5 Qe8 24. Nc4 b5 25. Na3 Nb6 26. Qb4 a6 27. Nc2 Bf7
28. e4 Rxd2 29. Rxd2 Rd8 30. f3 Rxd2 31. Qxd2 Nd7 32. Nb4 Qe6 33. Nd5 Nb6 34.
Nc7 Qc8 35. Qd6 Qb7 36. Bd4 Nc8 37. Qd8+ Kh7 38. Qd7 1-0